000 00724nam a2200229Ia 4500
003 OSt
005 20220925182610.0
006 a|||||r|||| 00| 0
007 ta
008 220923b |||||||| |||| 00| 0 eng d
037 _cGeneral Book
040 _aRTL
_cRTL
_beng
041 _2eng
_aeng
082 _aX71.271.N68 - N67, K8.2
110 _aORISSA (Govt. of -), FINANCE DEPARTMENT
_9256817
245 0 _aBudget Estimates for the Year 1967-68
_b Demands for Grants.
260 _aCuttack
_bGovt. of Orisa
_c1968
300 _aiv; 495p.
_ccm.
700 _aORISSA (Govt. of -), FINANCE DEPARTMENT
_9256818
942 _hX71.271.N68 - N67, K8.2
_cGB
_2CC
999 _c502656
_d502656